<?xml version="1.0" encoding="UTF-8"?>
<record
    xmlns:xsi="http://www.w3.org/2001/XMLSchema-instance"
    xsi:schemaLocation="http://www.loc.gov/MARC21/slim http://www.loc.gov/standards/marcxml/schema/MARC21slim.xsd"
    xmlns="http://www.loc.gov/MARC21/slim">

  <leader>03438nam a2200301 a 4500</leader>
  <controlfield tag="001"> </controlfield>
  <controlfield tag="003">DO-SdBNP</controlfield>
  <controlfield tag="005">20220222124231.0</controlfield>
  <controlfield tag="008">090902t2005    dr            001 p spa d</controlfield>
  <datafield tag="020" ind1=" " ind2=" ">
    <subfield code="a">9993439398</subfield>
  </datafield>
  <datafield tag="040" ind1=" " ind2=" ">
    <subfield code="a">DO-SdBNP</subfield>
    <subfield code="b">spa</subfield>
    <subfield code="c">BPMSU </subfield>
  </datafield>
  <datafield tag="082" ind1=" " ind2=" ">
    <subfield code="a">RD861.4409</subfield>
    <subfield code="b">M351A 2005</subfield>
    <subfield code="2">22</subfield>
  </datafield>
  <datafield tag="245" ind1="0" ind2="0">
    <subfield code="a">Anatom&#xED;a de un poeta :</subfield>
    <subfield code="b">aproximaciones cr&#xED;ticas a Jos&#xE9; M&#xE1;rmol /</subfield>
    <subfield code="c">editor Carlos X. Ardav&#xED;n.</subfield>
  </datafield>
  <datafield tag="260" ind1=" " ind2=" ">
    <subfield code="a">Santo Domingo :</subfield>
    <subfield code="b">Librer&#xED;a la Trinitaria,</subfield>
    <subfield code="c">2005.</subfield>
  </datafield>
  <datafield tag="300" ind1=" " ind2=" ">
    <subfield code="a">262 p. ;</subfield>
    <subfield code="c">23 cm.</subfield>
  </datafield>
  <datafield tag="500" ind1=" " ind2=" ">
    <subfield code="a">Incluye datos biogr&#xE1;ficas de Jos&#xE9; M&#xE1;rmol en la contracubierta </subfield>
  </datafield>
  <datafield tag="500" ind1=" " ind2=" ">
    <subfield code="a">Incluye referencias bibliogr&#xE1;fica y notas a pie de p&#xE1;ginas.</subfield>
  </datafield>
  <datafield tag="504" ind1=" " ind2=" ">
    <subfield code="a">Bibliograf&#xED;a : p. 31-36.</subfield>
  </datafield>
  <datafield tag="505" ind1="0" ind2=" ">
    <subfield code="g">Introducci&#xF3;n :</subfield>
    <subfield code="t">Sistema referido a Jos&#xE9; M&#xE1;rmol /</subfield>
    <subfield code="r">Carlos X. Ardav&#xED;n --</subfield>
    <subfield code="g">El Ojo del Ar&#xFA;spice :</subfield>
    <subfield code="t">El ojo del ar&#xFA;spice o la suerte de la muerte /</subfield>
    <subfield code="r">Manuel Garc&#xED;a Cartagena --</subfield>
    <subfield code="t">El ojo del ar&#xFA;spice o una mirada desde lo presente /</subfield>
    <subfield code="r">Soledad &#xC1;lvarez --</subfield>
    <subfield code="g">Encuentro con las Mismas Otredades :</subfield>
    <subfield code="t">Salutaci&#xF3;n a Jos&#xE9; M&#xE1;rmol /</subfield>
    <subfield code="r">Manuel N&#xFA;&#xF1;ez --</subfield>
    <subfield code="g">La intervenci&#xF3;n del d&#xED;a --</subfield>
    <subfield code="t">Poes&#xED;a y pensamiento /</subfield>
    <subfield code="r">Bruno Rosario Candelier --</subfield>
    <subfield code="t">La poes&#xED;a de Jos&#xE9; M&#xE1;rmol /</subfield>
    <subfield code="r">Eduardo Moga --</subfield>
    <subfield code="t">Pensar desde el poema /</subfield>
    <subfield code="r">Jos&#xE9; &#xC1;ngel Cilleruelo --</subfield>
    <subfield code="t">Las aguas detenidas /</subfield>
    <subfield code="r">Jos&#xE9; Mar&#xED;a Castrill&#xF3;n --</subfield>
    <subfield code="g">Deus ex machina --</subfield>
    <subfield code="t">Deus ex machina o los demonios azuzados de Jos&#xE9; M&#xE1;rmol /</subfield>
    <subfield code="r">Maric&#xE9;cili Mora Ramis --</subfield>
    <subfield code="t">El poder de la palabra y sus se&#xF1;ales: las claves de una constituci&#xF3;n po&#xE9;tica /</subfield>
    <subfield code="r">Jos&#xE9; Rafael Lantigua --</subfield>
    <subfield code="t">Deus ex machina /</subfield>
    <subfield code="r">Manuel Mora Serrano --</subfield>
    <subfield code="t">El primer sofisma del poeta /</subfield>
    <subfield code="r">Camilo Venegas --</subfield>
    <subfield code="g">&#xC9;tica del poeta. Lengua de para&#xED;so --</subfield>
    <subfield code="t">El permanente vuelo de Jos&#xE9; M&#xE1;rmol /</subfield>
    <subfield code="r">Jeannette Miller --</subfield>
    <subfield code="t">&#xC9;tica y poes&#xED;a /</subfield>
    <subfield code="r">Fernando Cabrera --</subfield>
    <subfield code="t">Lengua de para&#xED;so /</subfield>
    <subfield code="r">Laura Gil Fiallo --</subfield>
    <subfield code="g">Premisas para morir. Criatura del aire --</subfield>
    <subfield code="t">Un aforista irreverente /</subfield>
    <subfield code="r">Plinio Chah&#xED;n --</subfield>
    <subfield code="t">El alto vuelo de un poeta /</subfield>
    <subfield code="r">Mar&#xED;a del Carmen Prodoscimi --</subfield>
    <subfield code="t">Esa soledad m&#xE1;s grande que la vida /</subfield>
    <subfield code="r">Ren&#xE9; Rodr&#xED;guez Soriano --</subfield>
    <subfield code="g">Las pestes del lenguaje. El placer de lo nimio. Antolog&#xED;a po&#xE9;tica --</subfield>
    <subfield code="t">El joven consagrado /</subfield>
    <subfield code="r">Luis Beiro --</subfield>
    <subfield code="t">La pasi&#xF3;n de la totalidad: poes&#xED;a y prosa de Jos&#xE9; M&#xE1;rmol /</subfield>
    <subfield code="r">Jos&#xE9; Alc&#xE1;ntara Alm&#xE1;nzar --</subfield>
    <subfield code="t">La ensay&#xED;stica de Jos&#xE9; M&#xE1;rmol /</subfield>
    <subfield code="r">Giovanni Di Pietro --</subfield>
    <subfield code="t">Confesiones y observaciones de un poeta pensador /</subfield>
    <subfield code="r">Carlos X. Ardav&#xED;n --</subfield>
    <subfield code="g">El poeta y su generaci&#xF3;n --</subfield>
    <subfield code="t">Jos&#xE9; M&#xE1;rmol y la po&#xE9;tica de los ochentas /</subfield>
    <subfield code="r">Pedro Conte Sturla --</subfield>
    <subfield code="t">El pensar en la poes&#xED;a y la generaci&#xF3;n de los 80 /</subfield>
    <subfield code="r">Eloy Alberto Tejera --</subfield>
    <subfield code="g">Valoraciones generales --</subfield>
    <subfield code="t">Las meditaciones de Jos&#xE9; M&#xE1;rmol como temor al yo /</subfield>
    <subfield code="r">Miguel D. Mena --</subfield>
  </datafield>
  <datafield tag="505" ind1="0" ind2=" ">
    <subfield code="a">La poes&#xED;a de Jos&#xE9; M&#xE1;rmol /</subfield>
    <subfield code="r">Miguel &#xC1;ngel Forner&#xED;n --</subfield>
    <subfield code="t">El alquimista delirante /</subfield>
    <subfield code="r">Basilio Belliard --</subfield>
    <subfield code="t">C&#xF3;mo dibujar un p&#xE1;jaro que sea su propio vuelo (apuntes sobre la poes&#xED;a de Jos&#xE9; M&#xE1;rmol) /</subfield>
    <subfield code="r">M&#xE9;dar Serrata --</subfield>
    <subfield code="t">El oriente y la invenci&#xF3;n del punto en la poes&#xED;a de Jos&#xE9; M&#xE1;rmol /</subfield>
    <subfield code="r">Mar&#xED;a Poumier --</subfield>
    <subfield code="t">El segundo desaf&#xED;o: ex&#xE9;gesis sorprendida de una traves&#xED;a fluvial en dos odas atormentadas /</subfield>
    <subfield code="r">Mario Arvelo Caama&#xF1;o --</subfield>
    <subfield code="g">Elogio de Jos&#xE9; M&#xE1;rmol --</subfield>
    <subfield code="t">Jos&#xE9; M&#xE1;rmol y yo /</subfield>
    <subfield code="r">Enriquilo S&#xE1;nchez</subfield>
  </datafield>
  <datafield tag="590" ind1=" " ind2=" ">
    <subfield code="a">Inventariado, 2021/VM</subfield>
  </datafield>
  <datafield tag="600" ind1="1" ind2="4">
    <subfield code="a">M&#xE1;rmol, Jos&#xE9; </subfield>
    <subfield code="d">1961-</subfield>
    <subfield code="x">Cr&#xED;tica e interpretaci&#xF3;n </subfield>
  </datafield>
  <datafield tag="650" ind1=" " ind2="4">
    <subfield code="a">Poes&#xED;a dominicana</subfield>
    <subfield code="x">Historia y cr&#xED;tica</subfield>
  </datafield>
  <datafield tag="650" ind1=" " ind2="4">
    <subfield code="a">Literatura dominicana.</subfield>
  </datafield>
  <datafield tag="700" ind1="1" ind2=" ">
    <subfield code="a">Ardav&#xED;n, Carlos X.,</subfield>
    <subfield code="d">1967-,</subfield>
    <subfield code="e">ed. </subfield>
  </datafield>
  <datafield tag="910" ind1=" " ind2=" ">
    <subfield code="a">VMateo V. </subfield>
  </datafield>
  <datafield tag="942" ind1=" " ind2=" ">
    <subfield code="2">ddc</subfield>
    <subfield code="c">BK</subfield>
  </datafield>
  <datafield tag="952" ind1=" " ind2=" ">
    <subfield code="0">0</subfield>
    <subfield code="1">0</subfield>
    <subfield code="2">ddc</subfield>
    <subfield code="4">0</subfield>
    <subfield code="7">0</subfield>
    <subfield code="8">CD</subfield>
    <subfield code="a">BPMET</subfield>
    <subfield code="b">BPMET</subfield>
    <subfield code="d">2021-09-30</subfield>
    <subfield code="e">Compra</subfield>
    <subfield code="l">0</subfield>
    <subfield code="o">BPMSU CD RD861.4409 M351A 2005</subfield>
    <subfield code="p">BPMSU21090089</subfield>
    <subfield code="r">2021-09-30</subfield>
    <subfield code="w">2021-09-30</subfield>
    <subfield code="y">BK</subfield>
  </datafield>
  <datafield tag="952" ind1=" " ind2=" ">
    <subfield code="0">0</subfield>
    <subfield code="1">0</subfield>
    <subfield code="2">ddc</subfield>
    <subfield code="4">0</subfield>
    <subfield code="7">0</subfield>
    <subfield code="8">CD</subfield>
    <subfield code="a">BPMET</subfield>
    <subfield code="b">BPMET</subfield>
    <subfield code="d">2021-09-30</subfield>
    <subfield code="e">Compra</subfield>
    <subfield code="o">BPMSU CD RD861.4409 M351A 2005</subfield>
    <subfield code="p">BPMSU21090090</subfield>
    <subfield code="r">2021-09-30</subfield>
    <subfield code="t">e.2</subfield>
    <subfield code="w">2021-09-30</subfield>
    <subfield code="y">BK</subfield>
  </datafield>
  <datafield tag="952" ind1=" " ind2=" ">
    <subfield code="0">0</subfield>
    <subfield code="1">0</subfield>
    <subfield code="2">ddc</subfield>
    <subfield code="4">0</subfield>
    <subfield code="7">0</subfield>
    <subfield code="8">CD</subfield>
    <subfield code="a">BPMET</subfield>
    <subfield code="b">BPMET</subfield>
    <subfield code="d">2021-09-30</subfield>
    <subfield code="e">Compra</subfield>
    <subfield code="o">BPMSU CD RD861.4409 M351A 2005</subfield>
    <subfield code="p">BPMSU21090091</subfield>
    <subfield code="r">2021-09-30</subfield>
    <subfield code="t">e.3</subfield>
    <subfield code="w">2021-09-30</subfield>
    <subfield code="y">BK</subfield>
  </datafield>
  <datafield tag="999" ind1=" " ind2=" ">
    <subfield code="c">13741</subfield>
    <subfield code="d">13741</subfield>
  </datafield>
</record>
